000 00684nam a2200241Ia 4500
003 OSt
005 20220918165648.0
006 a|||||r|||| 00| 0
007 ta
008 220917b |||||||| |||| 00| 0 eng d
020 _a8170231094 (hbk)
024 _a169,873
037 _cTextual
040 _aARTS
_cARTS
_beng
041 _2eng
_aeng
082 _aO11172:g, N0
245 0 _aAmbivalence
_b studies in Canadian literature edited by Om P. Juneja and Chandra Mohan
260 _aNew Delhi
_bAllied Publications India
_c1990
300 _axx,304p.
_ccm.
650 _aENGLISH LITERATURE
942 _hO11172:g, N0
_cTEXL
_2CC
999 _c130644
_d130644